header

Arterial blood gas analysis (Record no. 229406)

MARC details
000 -LEADER
fixed length control field 01172nam a2200301 a 4500
100 1# - MAIN ENTRY--AUTHOR NAME
Personal name Foxall, Fiona.
245 10 - TITLE STATEMENT
Title Arterial blood gas analysis
260 ## - PUBLICATION, DISTRIBUTION, ETC. (IMPRINT)
Place of publication Keswick [England] :
Name of publisher M&K Update,
Year of publication 2008.
300 ## - PHYSICAL DESCRIPTION
Number of Pages xi, 82 p. :
Other physical details ill.
490 1# - SERIES STATEMENT
Series statement Easy learning guides from M&K
650 #0 - SUBJECT ADDED ENTRY--TOPICAL TERM
Topical Term Blood gases
856 40 - ELECTRONIC LOCATION AND ACCESS
Uniform Resource Identifier http://site.ebrary.com/lib/rucke/Doc?id=10459663

No items available.

© 2026 Rongo University
Contact us: librarian | system librarian | Rongo university